Extremophiles : microbian life in extreme environments
Αποθηκεύτηκε σε:
| Άλλοι συγγραφείς: | , |
|---|---|
| Μορφή: | Βιβλίο |
| Γλώσσα: | English |
| Δημοσίευση: |
New York :
Wiley-Liss,
c1998
|
| Σειρά: | Wiley series in ecological and applied microbiology
|
| Θέματα: | |
| Ετικέτες: |
Προσθήκη ετικέτας
Δεν υπάρχουν, Καταχωρήστε ετικέτα πρώτοι!
|
MARC
| LEADER | 00000nam a2200000 i 4500 | ||
|---|---|---|---|
| 001 | 1/1849 | ||
| 008 | 000419s1998 eng d | ||
| 020 | |a 0-471-02618-2 | ||
| 035 | |l 10060178 | ||
| 040 | |a GR-MY-UA |b gre |e aacr | ||
| 041 | 0 | |a eng | |
| 082 | 0 | |a 579.17 | |
| 245 | 1 | 0 | |a Extremophiles : |b microbian life in extreme environments / |c edited by Koki Horikoshi, W. D. Grant |
| 260 | |a New York : |b Wiley-Liss, |c c1998 | ||
| 300 | |a x,322 p. |b fig., ill., tables | ||
| 490 | 1 | |a Wiley series in ecological and applied microbiology | |
| 504 | |a Includes index | ||
| 650 | 0 | 0 | |a Extreme environments |x Microbiology. |
| 700 | 1 | |a Horikoshi, Koki. |4 edt | |
| 700 | 1 | |a Grant William D. | |
| 830 | 0 | |a Wiley series in ecological and applied microbiology | |
| 852 | |a INST |b LESVOS |e 20000419 |h 579.17 EXT |p 005100023124 |q 005100023124 |t BK |y 0 | ||
| 901 | |a BIBL1-2000-1 | ||
| 909 | |a Λ |b 077527 | ||
| 922 | |a 1ΕΛΗ |b 200003 |c ΤΑΚ/ΤΕΘ |d ΠΑΠΑΣΩΤΗΡΙΟΥ | ||
| 950 | |a 134-1999-11-24 | ||
| 970 | |a ΑΙΒΑΤΖΙΔΟΥ |b ΕΛΕΝΗ |z 2000/04/21 | ||